Länder mit den meisten Morden - Statistiken

Allgemein
  • Dieses Quiz wurde 434 mal gespielt
  • Das Durchschnittsergebnis liegt bei 16 aus 25
Antwortstatistiken
Platz Land Morde % Korrekt
6. Vereinigte Staaten 16.214
98%
12. China 7.525
95%
8. Russland 11.964
93%
4. Mexiko 36.685
91%
2. Brasilien 57.358
90%
7. Kolumbien 12.586
85%
3. Indien 41.651
83%
25. Argentinien 2.362
78%
9. Venezuela 10.598
74%
5. Südafrika 21.036
72%
20. Irak 3.339
71%
24. Afghanistan 2.474
68%
10. Pakistan 8.241
66%
23. Peru 2.487
65%
1. Nigeria 64.201
63%
21. Ukraine 2.751
58%
17. Honduras 3.732
47%
19. El Salvador 3.340
42%
15. Guatemala 3.881
42%
22. Kenia 2.533
38%
16. Bangladesch 3.830
36%
13. Philippinen 6.895
35%
11. Äthiopien 8.153
31%
18. Tansania 3.439
27%
14. Uganda 4.497
24%
Keine übereinstimmenden Quizze gefunden
Verteilung der Resultate
Anzahl Personen mit jedem Resultat
Perzentil nach korrekt beantworteten Fragen
Ihre Resultats-Entwicklung
Sie haben dieses Quiz noch nicht gespielt